00390nam a2200133 450000500170000000800410001704100120005808200190007010000080008924500820009726000440017930000120022336500210023520260213114853.0260213b |||||||| |||| 00| 0 eng d aEnglish a610 INC SB0084 aINC aSyllabus and Regulations Post Basic Diploma in Emergency and Disaster Nursing aNew DelhibIndian Nursing Councilc2005 a31pbpb aRupayeb100cINR